000 00390nam a2200157Ia 4500
008 230312s9999||||xx |||||||||||||| ||und||
020 _a81-312-0157-0
082 _a621.38173
_bCAR-L
100 _aCarr,Joseph.J
245 0 _aLinear Integrated Circuits
260 _bElsevier
_aIndia
_c2006
300 _a335
546 _aEng.
650 _aEngineering
_vObjectives, Pre-Quiz
942 _cBK
999 _c1680
_d1680